| 000 | 00504nam a22001937a 4500 | ||
|---|---|---|---|
| 003 | OSt | ||
| 005 | 20140223010601.0 | ||
| 008 | 130426s2013 sp ||||| |||| 00| 0bcat d | ||
| 020 | _a9788475883434 | ||
| 040 | _cCDMR | ||
| 100 | 1 |
_92195 _aPons, Agustà |
|
| 245 | 1 |
_aEspriu, transparent _cAgustà Pons |
|
| 260 |
_aBarcelona _bProa _c2013 (DL 2012) |
||
| 300 | _a763 p. | ||
| 490 | 0 |
_aPerfils _v93 |
|
| 600 | 1 |
_92448 _aEspriu, Salvador |
|
| 650 | 0 | 4 |
_93291 _aEscriptors catalans _vBiografia |
| 942 |
_2udc _cMON |
||
| 999 |
_c6146 _d6146 |
||